Stereo Chemistry Conformation and Mechanism (Record no. 1036)

MARC details
000 -LEADER
fixed length control field 00387nam a2200157Ia 4500
003 - CONTROL NUMBER IDENTIFIER
control field OSt
008 - FIXED-LENGTH DATA ELEMENTS--GENERAL INFORMATION
fixed length control field 191201s2005 xx 000 0 und d
082 ## - DEWEY DECIMAL CLASSIFICATION NUMBER
Classification number 543.223
Item number KAS
100 ## - MAIN ENTRY--PERSONAL NAME
Personal name KALSI, P S
245 #0 - TITLE STATEMENT
Title Stereo Chemistry Conformation and Mechanism
250 ## - EDITION STATEMENT
Edition statement 6th
260 ## - PUBLICATION, DISTRIBUTION, ETC. (IMPRINT)
Place of publication, distribution, etc N.Delhi
Name of publisher, distributor, etc New Age International Pub
Date of publication, distribution, etc 2005
300 ## - PHYSICAL DESCRIPTION
Extent 628
650 ## - SUBJECT ADDED ENTRY--TOPICAL TERM
Topical term or geographic name as entry element B.Tech(ECE)
942 ## - ADDED ENTRY ELEMENTS (KOHA)
Source of classification or shelving scheme Dewey Decimal Classification
Koha item type Text Books
Holdings
Withdrawn status Lost status Source of classification or shelving scheme Damaged status Not for loan Collection code Home library Current library Date acquired Source of acquisition Cost, normal purchase price Bill Number Total Checkouts Full call number Acc. no. / Barcode Date last seen Bill Date Koha item type Checked out Date last borrowed
    Dewey Decimal Classification     Applied Sc. PIET C-LIBRARY PIET C-LIBRARY 10/08/2006 UDH, Delhi 275.00 CM 4732   543.223 KAS 1181 04/12/2019 22/08/2005 Text Books    
    Dewey Decimal Classification     Applied Sc. PIET C-LIBRARY PIET C-LIBRARY 10/08/2006 UDH, Delhi 275.00 CM 4732 3 543.223 KAS 1182 20/01/2022 22/08/2005 Text Books 19/07/2022 20/01/2022
    Dewey Decimal Classification     Applied Sc. PIET C-LIBRARY PIET C-LIBRARY 10/08/2006 UDH, Delhi 275.00 CM 4732 1 543.223 KAS 1183 17/05/2022 22/08/2005 Text Books   29/04/2022
    Dewey Decimal Classification     Applied Sc. PIET C-LIBRARY PIET C-LIBRARY 10/08/2006 UDH, Delhi 275.00 CM 4732 2 543.223 KAS 1184 10/05/2022 22/08/2005 Text Books   28/04/2022

Design & Developed by: PIET Central Library
R70 Miles Stone Pattikalyana Samalkha Panipat 132102
mail ID :- [email protected], Phone No:- 0180-2569700 Ex.216